Handbuch der Kirchengeschichte / (Record n. 10001)

Dettagli MARC
000 -LEADER
fixed length control field 03720nam a2200553 i 4500
003 - CONTROL NUMBER IDENTIFIER
control field IT-RoINE
005 - DATE AND TIME OF LATEST TRANSACTION
control field 20180223055206.0
008 - FIXED-LENGTH DATA ELEMENTS--GENERAL INFORMATION
fixed length control field 031003m19621979gw r 001 | ger d
020 ## - INTERNATIONAL STANDARD BOOK NUMBER
International Standard Book Number 3451140225 (v. 6.2)
020 ## - INTERNATIONAL STANDARD BOOK NUMBER
International Standard Book Number 3451140233 (v. 7)
020 ## - INTERNATIONAL STANDARD BOOK NUMBER
International Standard Book Number 3451140241 (v. 2.2)
020 ## - INTERNATIONAL STANDARD BOOK NUMBER
International Standard Book Number 3451140128 (v. 2.1)
040 ## - CATALOGING SOURCE
Original cataloging agency PUG
Modifying agency IT-RoINE
245 00 - TITLE STATEMENT
Title Handbuch der Kirchengeschichte /
Statement of responsibility, etc herausgegeben von Hubert Jedin.
260 ## - PUBLICATION, DISTRIBUTION, ETC. (IMPRINT)
Place of publication, distribution, etc Freiburg ;
-- Basel ;
-- Wien :
Name of publisher, distributor, etc Herder,
Date of publication, distribution, etc 1962-1979.
300 ## - PHYSICAL DESCRIPTION
Extent 7 t. en 10 v. ;
Dimensions 25 cm.
336 ## - CONTENT TYPE
Source rdacontent
Content type term text
337 ## - MEDIA TYPE
Source rdamedia
Media type term unmediated
338 ## - CARRIER TYPE
Source rdacarrier
Carrier type term volume
504 ## - BIBLIOGRAPHY, ETC. NOTE
Bibliography, etc Incluye referencias biblográficas e índices
505 0# - FORMATTED CONTENTS NOTE
Formatted contents note t. 1: Von der Urgemeinde zur frühchristlichen Grosskirche / von Karl Baus. 1962. -- t. 2.1: Die Reichskirche nach Konstantin dem Grossen. Die Kirche von Nikaia bis Chalkedon / von Karl Baus, Eugen Ewig. 1973. -- t. 2.2: Die Reichskirche nach Konstantin dem Grossen. Die Kirche in Ost und West von Chalkedon bis zum Frühmittelalter (451-700) / von Karl Baus ... [et al.]. 1975. -- t. 3.1: Die mittelalterliche Kirche. Vom kirchlichen Frühmittelalter zur gregorianischen Reform / von Friedrich Kempf ... [et al.]. 1966. -- t. 3.2: Die mittelalterliche Kirche. Vom kirchlichen Hochmittelalter bis zum Vorabend der Reformation / von Hans-Georg Beck ... [et al.]. 1968. -- t. 4: Reformation Katholische Reform und Gegenreformation / von Erwin Iserloh, Josef Glazik, Hubert Jedin. 1967. -- t. 5: Die Kirche im Zeitalter des Absolutismus und der Aufklärung / von Wolfgang Müller ... [et al.]. 1970. -- t. 6.1: Die Kirche in der Gegenwart. Die Kirche zwischen Revolution und Restauration / von Roger Aubert ... [et al.]. 1971. -- t. 6.2: Die Kirche in der Gegenwart. Die Kirche zwischen Anpassung und Widerstand (1878 bis 1914) / von Roger Aubert ... [et al.]. 1973. -- t. 7: Die Weltkirche im 20.Jahrhundert / von Gabriel Adriányi ... [et al.]. 1979.
610 24 - SUBJECT ADDED ENTRY--CORPORATE NAME
9 (RLIN) 1635
Corporate name or jurisdiction name as entry element Iglesia Católica
General subdivision Historia
700 1# - ADDED ENTRY--PERSONAL NAME
Personal name Jedin, Hubert,
Dates associated with a name 1900-1980
9 (RLIN) 5974
700 1# - ADDED ENTRY--PERSONAL NAME
Personal name Repgen, Konrad,
Dates associated with a name 1923-
9 (RLIN) 5975
700 2# - ADDED ENTRY--PERSONAL NAME
Personal name Baus, Karl,
9 (RLIN) 20717
Dates associated with a name 1904-1994
700 1# - ADDED ENTRY--PERSONAL NAME
Personal name Glazik, Josef,
Titles and other words associated with a name M.S.C.
9 (RLIN) 20727
700 1# - ADDED ENTRY--PERSONAL NAME
Personal name Iserloh, Erwin,
Dates associated with a name 1915-1996
9 (RLIN) 20728
700 1# - ADDED ENTRY--PERSONAL NAME
Personal name Aldea Vaquero, Quintín,
Titles and other words associated with a name S.I.,
Dates associated with a name 1920-2012
9 (RLIN) 6081
700 1# - ADDED ENTRY--PERSONAL NAME
Personal name Adriányi, Gabriel,
9 (RLIN) 20730
Dates associated with a name 1935-
700 1# - ADDED ENTRY--PERSONAL NAME
Personal name Ewig, Eugen,
Dates associated with a name 1913-2006
9 (RLIN) 20731
700 1# - ADDED ENTRY--PERSONAL NAME
Personal name Kempf, Friedrich,
Titles and other words associated with a name S.I.,
Dates associated with a name 1908-2002
9 (RLIN) 20732
700 1# - ADDED ENTRY--PERSONAL NAME
Personal name Beck, Hans-Georg,
Titles and other words associated with a name S.I.,
Dates associated with a name 1910-1999
9 (RLIN) 20733
700 1# - ADDED ENTRY--PERSONAL NAME
Personal name Müller, Wolfgang,
Dates associated with a name 1905-1983
9 (RLIN) 20734
700 1# - ADDED ENTRY--PERSONAL NAME
9 (RLIN) 20726
Personal name Aubert, Roger,
Dates associated with a name 1914-2009
740 40 - ADDED ENTRY--UNCONTROLLED RELATED/ANALYTICAL TITLE
Uncontrolled related/analytical title Die Weltkirche im 20. Jahrhundert.
740 40 - ADDED ENTRY--UNCONTROLLED RELATED/ANALYTICAL TITLE
Uncontrolled related/analytical title Die Kirche in der Gegenwart.
740 40 - ADDED ENTRY--UNCONTROLLED RELATED/ANALYTICAL TITLE
Uncontrolled related/analytical title Die Kirche im Zeitalter des Absolutismus und der Aufklärung.
740 00 - ADDED ENTRY--UNCONTROLLED RELATED/ANALYTICAL TITLE
Uncontrolled related/analytical title Reformation Katholische Reform und Gegenreformation.
740 40 - ADDED ENTRY--UNCONTROLLED RELATED/ANALYTICAL TITLE
Uncontrolled related/analytical title Die mittelalterliche Kirche.
740 40 - ADDED ENTRY--UNCONTROLLED RELATED/ANALYTICAL TITLE
Uncontrolled related/analytical title Die Reichskirche nach Konstantin dem Grossen.
740 00 - ADDED ENTRY--UNCONTROLLED RELATED/ANALYTICAL TITLE
Uncontrolled related/analytical title Von der Urgemeinde zur frühchristlichen Grosskirche.
740 42 - ADDED ENTRY--UNCONTROLLED RELATED/ANALYTICAL TITLE
Uncontrolled related/analytical title Die Reichskirche nach Konstantin dem Grossen.
Name of part/section of a work Die Kirche von Nikaia bis Chalkedon.
740 40 - ADDED ENTRY--UNCONTROLLED RELATED/ANALYTICAL TITLE
Uncontrolled related/analytical title Die Kirche in der Gegenwart.
Name of part/section of a work Die Kirche zwischen Anpassung und Widerstand (1878 bis 1914)
740 40 - ADDED ENTRY--UNCONTROLLED RELATED/ANALYTICAL TITLE
Uncontrolled related/analytical title Die Kirche in der Gegenwart.
Name of part/section of a work Die Kirche zwischen Revolution und Restauration.
740 40 - ADDED ENTRY--UNCONTROLLED RELATED/ANALYTICAL TITLE
Uncontrolled related/analytical title Die mittelalterliche Kirche.
Name of part/section of a work Vom kirchlichen Hochmittelalter bis zum Vorabend der Reformation.
740 40 - ADDED ENTRY--UNCONTROLLED RELATED/ANALYTICAL TITLE
Uncontrolled related/analytical title Die mittelalterliche Kirche.
Name of part/section of a work Vom kirchlichen Frühmittelalter zur gregorianischen Reform.
740 40 - ADDED ENTRY--UNCONTROLLED RELATED/ANALYTICAL TITLE
Uncontrolled related/analytical title Die Reichskirche nach Konstantin dem Grossen.
Name of part/section of a work Die Kirche in Ost und West von Chalkedon bis zum Frühmittelalter (451-700)
942 ## - ADDED ENTRY ELEMENTS (KOHA)
Item type Monografías
Dati di copia
Withdrawn status Lost status Damaged status Not for loan Home library Current library Date acquired Total Checkouts Full call number Barcode Date last seen Price effective from Koha item type Public note
        Iglesia Nacional Española en Roma Iglesia Nacional Española en Roma 01/09/2015   HIS.ECL 21.1 16803 01/09/2015 01/09/2015 Monografías t. 1: Von der Urgemeinde zur frühchristlichen Grosskirche
        Iglesia Nacional Española en Roma Iglesia Nacional Española en Roma 01/09/2015   HIS.ECL 21.2.1 16804 01/09/2015 01/09/2015 Monografías t. 2.1: Die Reichskirche nach Konstantin dem Grossen. Die Kirche von Nikaia bis Chalkedon
        Iglesia Nacional Española en Roma Iglesia Nacional Española en Roma 01/09/2015   HIS.ECL 21.2.2 16805 01/09/2015 01/09/2015 Monografías t. 2.2: Die Reichskirche nach Konstantin dem Grossen. Die Kirche in Ost und West von Chalkedon bis zum Frühmittelalter (451-700)
        Iglesia Nacional Española en Roma Iglesia Nacional Española en Roma 01/09/2015   HIS.ECL 21.3.1 16806 01/09/2015 01/09/2015 Monografías t. 3.1: Die mittelalterliche Kirche. Vom kirchlichen Frühmittelalter zur gregorianischen Reform
        Iglesia Nacional Española en Roma Iglesia Nacional Española en Roma 01/09/2015   HIS.ECL 21.3.2 16807 01/09/2015 01/09/2015 Monografías t. 3.2: Die mittelalterliche Kirche. Vom kirchlichen Hochmittelalter bis zum Vorabend der Reformation
        Iglesia Nacional Española en Roma Iglesia Nacional Española en Roma 01/09/2015   HIS.ECL 21.4 16808 01/09/2015 01/09/2015 Monografías t. 4: Reformation Katholische Reform und Gegenreformation
        Iglesia Nacional Española en Roma Iglesia Nacional Española en Roma 01/09/2015   HIS.ECL 21.5 16809 01/09/2015 01/09/2015 Monografías t. 5: Die Kirche im Zeitalter des Absolutismus und der Aufklärung
        Iglesia Nacional Española en Roma Iglesia Nacional Española en Roma 01/09/2015   HIS.ECL 21.6.1 16810 01/09/2015 01/09/2015 Monografías t. 6.1: Die Kirche in der Gegenwart. Die Kirche zwischen Revolution und Restauration
        Iglesia Nacional Española en Roma Iglesia Nacional Española en Roma 01/09/2015   HIS.ECL 21.6.2 16812 01/09/2015 01/09/2015 Monografías t. 6.2: Die Kirche in der Gegenwart. Die Kirche zwischen Anpassung und Widerstand (1878 bis 1914)
        Iglesia Nacional Española en Roma Iglesia Nacional Española en Roma 01/09/2015   HIS.ECL 21.7 16813 01/09/2015 01/09/2015 Monografías t. 7: Die Weltkirche im 20.Jahrhundert